| 000 | 01122nam a2200277 a 4500 | ||
|---|---|---|---|
| 001 | 000023262 | ||
| 005 | 20200930022109.0 | ||
| 008 | 101201s1991 sp ac 000 j spa d | ||
| 020 | _a8420632570 | ||
| 040 |
_aDO-SdBNP _bspa _cBNPHU |
||
| 082 |
_a863.6 _bC199d |
||
| 100 | 1 |
_aCamprubí de Jiménez , Zenobia, _d1887-1956. _947896 |
|
| 245 | 1 | 0 |
_aDiario : _b1. Cuba (1937-1939) / _cZenobia Camprubí ; traducción, introducción y notas de Graciela Palau de Nemes. |
| 260 |
_aMadrid : _bAlianza Editorial ; _bEditorial de la Universidad de Puerto Rico, _c1991. |
||
| 300 |
_a361 p. : _bil. ; _c20 cm. |
||
| 490 | 1 |
_aAlianza tres _v257 |
|
| 504 | _aIncluye referencias bibliográficas y notas al pie de las páginas. | ||
| 500 | _aIncluye bibliografías e índice. | ||
| 610 | 1 | 0 |
_aCAMPRUBÍ DE JIMÉNEZ, ZENOBIA, _d1881-1958 _xAUTOBIOGRAFÍAS _947897 |
| 600 | 1 | 0 |
_aJIMÉNEZ, JUAN RAMÓN, _d1881-1958 _xMATRIMONIO _xBIOGRAFÍAS _947898 |
| 650 | 4 |
_aNovela española _91123 |
|
| 650 | 4 |
_aLiteratura española _9632 |
|
| 700 | 1 |
_aPalau de Nemes, Graciela, _etr. _947899 |
|
| 830 | 0 |
_aAlianza tres ; _v257 _921396 |
|
| 049 | _aBNGR | ||
| 999 |
_c22759 _d22759 |
||